<?xml version="1.0" encoding="UTF-8"?>
<record
    xmlns:xsi="http://www.w3.org/2001/XMLSchema-instance"
    xsi:schemaLocation="http://www.loc.gov/MARC21/slim http://www.loc.gov/standards/marcxml/schema/MARC21slim.xsd"
    xmlns="http://www.loc.gov/MARC21/slim">

  <leader>02013nam a22004217a 4500</leader>
  <datafield tag="999" ind1=" " ind2=" ">
    <subfield code="c">23500</subfield>
    <subfield code="d">23500</subfield>
  </datafield>
  <controlfield tag="003">AR-CdUCM</controlfield>
  <controlfield tag="008">260126b2024    pe ||||| |||| 00| 0 spa d</controlfield>
  <datafield tag="020" ind1=" " ind2=" ">
    <subfield code="a">978-612-47551-3-2</subfield>
  </datafield>
  <datafield tag="040" ind1=" " ind2=" ">
    <subfield code="a">MUNICIPALIDAD PROVINCIAL DEL CUSCO</subfield>
    <subfield code="c">BIBLIOTECA MUNICIPAL DEL CUSCO</subfield>
  </datafield>
  <datafield tag="082" ind1=" " ind2=" ">
    <subfield code="a">980.5 /</subfield>
    <subfield code="b">V66</subfield>
  </datafield>
  <datafield tag="100" ind1=" " ind2=" ">
    <subfield code="a">Villarroel Salgueiro, Gloria</subfield>
  </datafield>
  <datafield tag="245" ind1=" " ind2=" ">
    <subfield code="a">Aymara :</subfield>
    <subfield code="b">Conocimientos, Saberes, Pr&#xE1;cticas y Rituales Agropecuarios y Alimentarios /</subfield>
  </datafield>
  <datafield tag="260" ind1=" " ind2=" ">
    <subfield code="a">Cusco :</subfield>
    <subfield code="b">Centro Regional para la Salvaguardia del Patrimonio Cultural Inmaterial  de Am&#xE9;rica Latina-CRESPIAL, </subfield>
    <subfield code="c">2024.</subfield>
  </datafield>
  <datafield tag="300" ind1=" " ind2=" ">
    <subfield code="a">319 p&#xE1;ginas. :</subfield>
    <subfield code="b">ilustraciones,</subfield>
    <subfield code="c">16 x 20cm.</subfield>
  </datafield>
  <datafield tag="500" ind1=" " ind2=" ">
    <subfield code="z">p&#xE1;ginas 312 - 317</subfield>
  </datafield>
  <datafield tag="505" ind1=" " ind2=" ">
    <subfield code="a">contiene: El Centro Regional para la Salvaguardia del Patrimonio Cultural Inmaterial de Am&#xE9;rica Latina -- Comunidades Aymara de Bolivia, Chile y Per&#xFA; -- Conocimientos -- Saberes -- Pr&#xE1;cticas -- Rituales Agropecuarios -- Alimentarios -- Tunka layrani y ch'isiwaymama -- Variedades del cultivo de papa y quinua --  Patrimonio cultural de los pueblos originarios del sur andino -- Lumasanakaxasuma  qama&#xF1;ataki. Se&#xF1;ales para el buen vivir - Per&#xFA;....</subfield>
  </datafield>
  <datafield tag="650" ind1=" " ind2=" ">
    <subfield code="a">Bolivia - Chile - Per&#xFA;</subfield>
    <subfield code="9">52240</subfield>
  </datafield>
  <datafield tag="650" ind1=" " ind2=" ">
    <subfield code="a">La consagraci&#xF3;n</subfield>
    <subfield code="9">52241</subfield>
  </datafield>
  <datafield tag="650" ind1=" " ind2=" ">
    <subfield code="a">Vestimenta</subfield>
    <subfield code="9">20753</subfield>
  </datafield>
  <datafield tag="650" ind1=" " ind2=" ">
    <subfield code="a">Rituales del calendario</subfield>
    <subfield code="9">52242</subfield>
  </datafield>
  <datafield tag="650" ind1=" " ind2=" ">
    <subfield code="a">Mito de Tunupa</subfield>
    <subfield code="9">52243</subfield>
  </datafield>
  <datafield tag="650" ind1=" " ind2=" ">
    <subfield code="a">Historia del cultivo</subfield>
    <subfield code="9">52244</subfield>
  </datafield>
  <datafield tag="650" ind1=" " ind2=" ">
    <subfield code="a">Problem&#xE1;tica del control</subfield>
    <subfield code="9">52245</subfield>
  </datafield>
  <datafield tag="650" ind1=" " ind2=" ">
    <subfield code="a">Mensajes de la naturaleza</subfield>
    <subfield code="9">52246</subfield>
  </datafield>
  <datafield tag="650" ind1=" " ind2=" ">
    <subfield code="a">La madre tierra</subfield>
    <subfield code="9">52247</subfield>
  </datafield>
  <datafield tag="650" ind1=" " ind2=" ">
    <subfield code="a">Producci&#xF3;n agr&#xED;cola</subfield>
    <subfield code="9">14763</subfield>
  </datafield>
  <datafield tag="650" ind1=" " ind2=" ">
    <subfield code="a">Tiempos de cosecha</subfield>
    <subfield code="9">52248</subfield>
  </datafield>
  <datafield tag="650" ind1=" " ind2=" ">
    <subfield code="a">Se&#xF1;ales de la agricultura</subfield>
    <subfield code="9">52249</subfield>
  </datafield>
  <datafield tag="650" ind1=" " ind2=" ">
    <subfield code="a">Los abuelos, transmisores de conocimientos</subfield>
    <subfield code="9">52250</subfield>
  </datafield>
  <datafield tag="650" ind1=" " ind2=" ">
    <subfield code="a">Conclusiones</subfield>
    <subfield code="9">52251</subfield>
  </datafield>
  <datafield tag="700" ind1=" " ind2=" ">
    <subfield code="a">Gavil&#xE1;n Vega, Vivian</subfield>
    <subfield code="9">52252</subfield>
  </datafield>
  <datafield tag="700" ind1=" " ind2=" ">
    <subfield code="a">Apaza A&#xF1;amuro, Rub&#xE9;n Dar&#xED;o</subfield>
    <subfield code="9">52253</subfield>
  </datafield>
  <datafield tag="700" ind1=" " ind2=" ">
    <subfield code="a">Roel Mendiz&#xE1;bal, Pedro</subfield>
    <subfield code="9">48327</subfield>
  </datafield>
  <datafield tag="856" ind1=" " ind2=" ">
    <subfield code="f">www.crespial.org</subfield>
  </datafield>
  <datafield tag="942" ind1=" " ind2=" ">
    <subfield code="2">ddc</subfield>
    <subfield code="c">LIBROS</subfield>
  </datafield>
  <datafield tag="945" ind1=" " ind2=" ">
    <subfield code="a">jmcs</subfield>
    <subfield code="d">26/01/2026</subfield>
  </datafield>
</record>
